| 000 | 00666nam a22002297a 4500 | ||
|---|---|---|---|
| 003 | 0 | ||
| 005 | 20250827111413.0 | ||
| 008 | 250827b xxu||||| |||| 00| 0 eng d | ||
| 020 | _a978-1-394-26596-1 | ||
| 050 |
_aNC 997 _b.H36 2025 |
||
| 100 |
_aHannam, Ben, _eauthor. |
||
| 245 |
_aGraphic design / _cBen Hannam. |
||
| 260 |
_aHoboken, NJ : _bJohn Wiley & Sons, Inc., _c2025. |
||
| 300 |
_ax, 259 pages : _bcolored illustrations ; _c24 cm. |
||
| 440 | _afor dummies | ||
| 504 | _aIncludes index. | ||
| 650 | _aGraphic design (Typography). | ||
| 650 | _aCommercial art. | ||
| 650 | _aVisual communication. | ||
| 650 |
_aDesign _xTechnique. |
||
| 942 |
_2lcc _cBK |
||
| 999 |
_c367635 _d367635 |
||